MARC details
| 000 -CABECERA |
| campo de control de longitud fija |
01006nam a2200289 u 4500 |
| 005 - FECHA Y HORA DE LA ÚLTIMA TRANSACCIÓN |
| campo de control |
20241203063725.0 |
| 008 - ELEMENTOS DE LONGITUD FIJA--INFORMACIÓN GENERAL |
| campo de control de longitud fija |
191011s1941 mx r 000 0 spa d |
| 020 ## - NÚMERO INTERNACIONAL NORMALIZADO PARA LIBROS |
| Número Internacional Estándar del Libro |
9681600703 |
| 035 ## - NÚMERO DE CONTROL DEL SISTEMA |
| Número de control de sistema |
UPN01000233280 |
| 040 ## - FUENTE DE LA CATALOGACIÓN |
| Centro catalogador/agencia de origen |
UPN |
| Lengua de catalogación |
spa |
| Centro/agencia transcriptor |
UPN |
| 050 #4 - SIGNATURA TOPOGRÁFICA DE LA BIBLIOTECA DEL CONGRESO |
| Número de clasificación |
HM477.F8 |
| Número de documento/Ítem |
M3.7 |
| 100 1# - ASIENTO PRINCIPAL--NOMBRE PERSONAL |
| Nombre de persona |
Marvin, Francis Sydney, |
| Fechas asociadas al nombre |
1863-1943 |
| 9 (RLIN) |
44229 |
| 240 10 - TÍTULO UNIFORME |
| Título uniforme |
Comte, the founder of sociology. |
| Lenguaje de la obra |
Español |
| 245 10 - MENCIÓN DE TÍTULO |
| Título |
Comte / |
| Mención de responsabilidad, etc. |
Francis Sidney Marvin ; traducción de Salvador Echavarría. |
| 250 ## - MENCIÓN DE EDICIÓN |
| Mención de edición |
1a ed. |
| Resto de la mención de edición |
1a reimpresión (1978) |
| 260 ## - PUBLICACIÓN, DISTRIBUCIÓN, ETC. |
| Lugar de publicación, distribución, etc. |
México : |
| Nombre del editor, distribuidor, etc. |
FCE, |
| Fecha de publicación, distribución, etc. |
1941. |
| 300 ## - DESCRIPCIÓN FÍSICA |
| Extensión |
148 p. |
| 440 ## - MENCIÓN DE SERIE/ASIENTO SECUNDARIO--TÍTULO |
| 9 (RLIN) |
43992 |
| Título |
Sección de obras de sociología. |
| Nombre de parte o sección de la obra |
Los grandes sociólogos |
| 500 ## - NOTA GENERAL |
| Nota general |
Traducción de: Comte, the founder of sociology. |
| 504 ## - NOTA DE BIBLIOGRAFÍA, ETC. |
| Nota de bibliografía, etc. |
Incluye indice. |
| 600 12 - ASIENTO SECUNDARIO DE MATERIA - NOMBRE PERSONAL |
| 9 (RLIN) |
11189 |
| Nombre de persona |
COMTE, AUGUSTE, |
| Fechas asociadas al nombre |
1798-1857 - |
| Subdivisión general |
CRITICA E INTERPRETACION |
| 650 #4 - ASIENTO SECUNDARIO DE MATERIA - TERMINO TEMATICO |
| Término de materia o nombre geográfico como elemento de entrada |
Sociología |
| Subdivisión general |
Historia |
| 9 (RLIN) |
7604 |
| 700 1# - ASIENTO SECUNDARIO--NOMBRE DE PERSONAL |
| Nombre de persona |
Echavarría, Salvador, |
| Fechas asociadas al nombre |
1900-1987 |
| 9 (RLIN) |
43993 |
| 905 ## - TIPO DE MATERIAL |
| Tipo de material |
Libro |
| 942 ## - ELEMENTOS DE PUNTO DE ACCESO ADICIONAL (KOHA) |
| Fuente del sistema de clasificación o colocación |
Library of Congress Classification |
| Tipo de ítem Koha |
Libro |